Periodic Table of Elements spelling - Statistics

General Stats
  • This quiz has been taken 2,963 times
  • The average score is 30 of 43
Answer Stats
Hint Answer % Correct
H Hydrogen
98%
He Helium
97%
Li Lithium
96%
N Nitrogen
91%
O Oxygen
91%
C Carbon
90%
B Boron
89%
Be Beryllium
85%
Mg Magnesium
84%
Na Sodium
84%
Ne Neon
83%
F Fluorine
81%
Si Silicon
76%
Ar Argon
75%
K Potassium
75%
Ca Calcium
74%
Cl Chlorine
74%
S Sulfur
73%
P Phosphorus
72%
Zn Zinc
72%
Fe Iron
70%
Cu Copper
69%
Ti Titanium
69%
Co Cobalt
68%
Ni Nickel
67%
Al Aluminium
66%
Kr Krypton
63%
Mn Manganese
63%
Br Bromine
62%
Cr Chromium
61%
Ga Gallium
60%
Sc Scandium
60%
As Arsenic
59%
V Vanadium
58%
Ge Germanium
56%
Se Selenium
55%
Rb Rubidium
52%
Pb Lead
51%
Sr Strontium
49%
Hg Mercury
47%
Sn Tin
45%
Ag Gold
44%
Au Silver
44%
No matching quizzes found
Score Distribution
Percent of People with Each Score
Percentile by Number Answered
Your Score History
You have not taken this quiz